| 000 | 00566nam 22001933 4500 | ||
|---|---|---|---|
| 001 | 201754 | ||
| 090 | _a201754 | ||
| 100 | _a20260414d u||y0pory50 ba | ||
| 200 |
_aA palavra essencial : estudos sobre a poesia _fAdolfo Casais Monteiro |
||
| 205 | _a2ª | ||
| 210 |
_aLisboa _cVerbo _d1972 |
||
| 215 |
_a219, [5] p. _cbrochado _d20 cm |
||
| 225 |
_aPresenças _h17 |
||
| 606 |
_93661 _aCrítica Literária.Estudos Literários |
||
| 675 |
_a82.09 _vPT _zpor |
||
| 700 |
_96043 _aMonteiro _bAdolfo Casais _f1908-1972 |
||
| 801 |
_aPT _bBMMN _gRPC |
||
| 830 | _cVanda | ||
| 990 | _cLIVROS | ||